00814 2200265 4500001002100000005001500021035002000036007000300056008004100059040002200100082001700122084001900139090002100158100003300179245013900212300004400351650001000395850001200405041000800417264003700425336002100462337003000483338002300513990001200536INLIS00000000084778020190523020137 a0010-0519001115ta190523s1951 jkia g d ind d aYOPDYOGbinderda04223a899.2212 a899.2212 MUH k aL 899.2212 MUH k1 aMuhammad Yamin,Mrepengarang1 aKen arok dan ken dedes :btjeritera sandiwara jang kedjadian dalam sedjarah Tumpel-Singasari pada tahun 1227 A.D /cMr. Muhammad Yamin a46 halaman :bilustrasi,gambar ;c20 cm 4aDrama aYOPDYOG0 aind3 aDjakarta :bBalai Pustaka,c1951 2rdacontentateks 2rdamediaatanpa perantara 2rdacarrieravolume a40822-A